000 00530nam a2200181Ia 4500
005 20250423094532.0
008 250422s9999 xx 000 0 und d
020 _a9780205832262
050 _aN 6415 .B3 .N48/
100 _aNeuman, Robert
245 0 _aBaroque and Rococo Art and Architecture
260 _aBoston
260 _bPearson
260 _c2013
300 _a480 p
650 _aArt, Baroque--Textbooks. Art, Rococo--Textbooks. Architecture, Baroque--Textbooks. Architecture, Rococo--Textbooks.
942 _cBK
999 _c27528
_d27528